| 000 | 00705nam a2200241 a 4500 | ||
|---|---|---|---|
| 005 | 20210219153416.0 | ||
| 008 | 991125n 000 0 u | ||
| 035 | _aUPN01000097478 | ||
| 100 | _aWegner, Lucy Siefert | ||
| 222 | _aNEW DIRECTIONS FOR TEACHING AND LEARNING | ||
| 245 | _aThe research library and emerging information technology | ||
| 300 | _a83-90 | ||
| 362 | _aNo. 51, 1992 | ||
| 505 | _aMarzo 1993 | ||
| 653 | 0 | _aCOMPUTADORA | |
| 653 | 0 | _aHERRAMIENTAS DE INVESTIGACION | |
| 653 | 0 | _aINVESTIGACION BIBLIOTECOLOGICA | |
| 653 | 0 | _aPROGRESO TECNOLOGICO | |
| 653 | 0 | _aSERVICIOS DE BIBLIOTECA | |
| 653 | 0 | _aTECNOLOGIA DE INFORMACION | |
| 904 |
_aAC _b035289 |
||
| 905 | _aArticulo | ||
| 999 |
_c76174 _d76174 |
||